Charakteristika QR kódu a možnosti jeho využitia bakalárska práca

Uložené v:
Podrobná bibliografia
Hlavný autor: Moško, Martin
Korporativný autor: Fakulta hospodárskej informatiky EU. Katedra aplikovanej informatiky
Ďalší autori: Cárachová, Magdaléna
Médium: Kniha
Jazyk:Slovak
Vydavateľské údaje: Bratislava 2018
Tagy: Pridať tag
Žiadne tagy, Buďte prvý, kto otaguje tento záznam!

MARC

LEADER 00000nbm a2200000 4500
001 0245300
005 20181015110631.5
041 0 |a slo 
044 |a SK 
245 1 0 |a Charakteristika QR kódu a možnosti jeho využitia  |b bakalárska práca  |c Martin Moško ; školiteľ: Magdaléna Cárachová 
264 1 |a Bratislava  |c 2018 
300 |a 45 s. 
100 1 |a Moško, Martin 
700 1 |a Cárachová, Magdaléna 
710 2 |a Fakulta hospodárskej informatiky EU. Katedra aplikovanej informatiky